Sports Quiz

Random Sports or World Quiz
Score 0/36 Timer 10:00
0 Plays Today
Year Answer % Correct
2011McKayla Maroney
98.6%
2013McKayla Maroney
98.5%
2007Cheng Fei
90%
2006Cheng Fei
90%
2005Cheng Fei
90%
2015Maria Paseka
87.9%
2014Hong Un Jong
87.2%
2010Alicia Sacramone
87.1%
2003Oksana Chusovitina
84.3%
1997Simona Amanar
84.3%
1995=Simona Amanar
84.3%
2001Svetlana Khorkina
71.4%
1987Yelena Shushunova
71.4%
1985Yelena Shushunova
71.4%
1966Vera Caslavska
71.4%
1962Vera Caslavska
71.4%
2002Elena Zamolodchikova
70%
1999Elena Zamolodchikova
70%
Year Answer % Correct
1995=Lilia Podkopayeva
70%
1992Henrietta Onodi
70%
1996Gina Gogean
68.6%
1994Gina Gogean
68.6%
1958Larisa Latynina
68.6%
1991Lavinia Milosovici
64.3%
1981Maxi Gnauck
64.3%
2009Kayla Williams
62.9%
1978Nellie Kim
62.9%
1974Olga Korbut
57.1%
1993Elena Piskun
50%
1989Olesia Dudnik
45.7%
1983Boriana Stoyanova
40%
1979Dumitrita Turner
35.7%
1970Erika Zuchold
34.3%
1950Helena Rakoczy
20%
1954=Tamara Manina
20%
1954=Anna Petersen
7.1%
Remove Ads.
Support Sporcle.
Get the best of Sporcle when you Go Orange. This ad-free experience offers more features, more stats, and more fun while also helping to support Sporcle. Thank you for becoming a member.

You're not logged in!

Compare scores with friends on all Sporcle quizzes.
OR
Log In

Show Comments

Extras

Top Quizzes Today


Score Distribution

Your Account Isn't Verified!

In order to create a playlist on Sporcle, you need to verify the email address you used during registration. Go to your Sporcle Settings to finish the process.

Report this User

Report this user for behavior that violates our Community Guidelines.

Details: